000 00749cam a22002291 4500
001 sa 68014571
003 DLC
005 20260227112633.0
008 891026s1966 io 000 0 ind
010 _asa 68014571
035 _a(OCoLC)23553937
040 _aDLC
_cMiU
_dDLC
042 _apremarc
050 0 0 _aLAW <Indonesia 7 Muha 1966b>
100 1 _aMuhammad, Mawardy.
245 1 0 _aIlmu faraidl;
_buntuk P. G. A. A., S. M. A. I., Madrasah Landjut Atas dan pedjabat pada kantorkantor dalam lingkungan Kementerian Agama.
250 _aTjet. 2.
260 _aPadang Pandjang,
_bSa'adijah Putra,
_c1966.
300 _a83 p.
_c21 cm.
500 _aIncludes text of the Koran in Arabic.
650 0 _aInheritance and succession (Islamic law)
999 _c85885
_d85885